[Event "Challenge"]
[Site "http://www.queenalice.com/game.php?id=1300301"]
[Date "2014.8.8"]
[Round "-"]
[White "kisarsk"]
[Black "betogroo"]
[Result "1-0"]
[WhiteElo "1723"]
[BlackElo "1394"]

1. d4 d5 2. c3 Nc6 3. Bf4 Bf5 4. Nd2 b5 5. a3 a5 6. e3 Be4 7. Qb3 Rb8 8. f3 a4
9. Qd1 Bf5 10. g4 Bg6 11. Ne2 e6 12. Bg3 Bd6 13. f4 Be4 14. Rg1 Bf3 15. Nxf3 Nf6
16. h3 h6 17. Bg2 g6 18. Bh4 g5 19. fxg5 Ne4 20. gxh6 Be7 21. g5 Bxg5 22. Bxg5
Nxg5 23. Nxg5 Qxg5 24. Qd2 Qxh6 25. O-O-O f5 26. Nf4 Ne7 27. Bf1 Rg8 28. Rh1 Ng6
29. Nxe6 Rc8 30. Bxb5+ c6 31. Bxa4 Nh4 32. Nf4 Nf3 33. Qe2 Ng5 34. Nxd5 Ne4 35.
Nb4 Rg3 36. d5 Rxe3 37. Qa6 Rxc3+ 38. Kb1 Kd8 39. dxc6+ Nd2+ 40. Ka2 Rc7 41.
bxc3 Qe6+ 42. c4 Qe2 43. Rhe1 Qxc4+ 44. Qxc4 1-0

[Event "Challenge"]
[Site "http://www.queenalice.com/game.php?id=1300302"]
[Date "2014.8.8"]
[Round "-"]
[White "betogroo"]
[Black "kisarsk"]
[Result "0-1"]
[WhiteElo "1401"]
[BlackElo "1744"]

1. e4 e5 2. d4 Qh4 3. g3 Qxe4+ 4. Qe2 Qxh1 5. Qxe5+ Ne7 6. Qxc7 Qxg1 7. Bg5 f6
8. Be3 b6 9. Nc3 Ba6 10. d5 Qxf1+ 11. Kd2 Qxa1 12. a3 Qxb2 13. d6 Nec6 14. Nd5
Qxa3 15. Nf4 Bxd6 16. Bc5 Qxc5 17. Ne6 Qd5+ 0-1

[Event "Challenge"]
[Site "http://www.queenalice.com/game.php?id=1302684"]
[Date "2014.8.19"]
[Round "-"]
[White "betogroo"]
[Black "kisarsk"]
[Result "0-1"]
[WhiteElo "1391"]
[BlackElo "1737"]

1. d4 d5 2. c3 c6 3. Bd2 Nf6 4. e3 Bg4 5. f3 Bh5 6. Qb3 Qc7 7. Bd3 Nbd7 8. Nh3
h6 9. a4 Rb8 10. Na3 e6 11. Nc2 Bd6 12. O-O-O Bxh2 13. g4 Bg6 14. Nf4 Bxf4 15.
exf4 Bxd3 16. Nb4 Be2 17. Rde1 Bxf3 18. Rhf1 Bxg4 19. f5 Bxf5 20. Bf4 e5 21.
dxe5 Nh5 22. e6 Nxf4 23. exd7+ Kxd7 24. Rxf4 Qxf4+ 25. Kd1 Bg4+ 26. Re2 Qf1+ 27.
Kc2 Bxe2 28. Kd2 Rhe8 29. Nc2 Qd1# 0-1

[Event "Challenge"]
[Site "http://www.queenalice.com/game.php?id=1303368"]
[Date "2014.8.22"]
[Round "-"]
[White "kisarsk"]
[Black "betogroo"]
[Result "1-0"]
[WhiteElo "1748"]
[BlackElo "1389"]

1. d4 d5 2. a3 e5 3. dxe5 Be6 4. Bf4 Be7 5. g3 Qd7 6. c3 g5 7. Be3 a6 8. Qb3 b5
9. Bd4 Nc6 10. Nf3 g4 11. Nfd2 Bf5 12. Bg2 Bxb1 13. Rxb1 Na5 14. Qc2 Qe6 15. b4
Nc6 16. O-O Nxe5 17. Bxe5 Qxe5 18. e3 c6 19. Qd3 Nf6 20. Rfe1 h5 21. Nb3 O-O 22.
Nd4 Rac8 23. Nc2 Bd6 24. e4 Rfe8 25. exd5 Qg5 26. Ne3 Rxe3 27. Rxe3 Nxd5 28.
Bxd5 cxd5 29. Rbe1 Kf8 30. Qh7 f6 31. Qh8+ Qg8 32. Qxh5 a5 33. Re6 Be5 34. Qf5
Qf7 35. R1xe5 fxe5 36. Rf6 Qxf6 37. Qxf6+ Ke8 38. Qxe5+ Kf8 39. Qd6+ Kg7 40.
Qd7+ 1-0

[Event "Challenge"]
[Site "http://www.queenalice.com/game.php?id=1303369"]
[Date "2014.8.22"]
[Round "-"]
[White "betogroo"]
[Black "kisarsk"]
[Result "1/2-1/2"]
[WhiteElo "1387"]
[BlackElo "1734"]

1. d4 d5 2. e4 dxe4 3. Be3 f5 4. Ne2 Nc6 5. Nf4 e6 6. a3 Nge7 7. Bc4 Na5 8. Qe2
b6 9. b4 Nb7 10. g3 Bd7 11. Bxe6 Bxe6 12. Nxe6 Qd6 13. Qc4 Nd5 14. Nxf8 Rxf8 15.
Bf4 Qd7 16. Nc3 b5 17. Nxb5 Rc8 18. Nxa7 Rd8 19. Bg5 Nf6 20. Nc6 Rc8 21. Qa6 Nd6
22. Ne5 Qe6 23. Qc6+ Nd7 24. Bf4 Rd8 25. Qxc7 h6 26. Nc6 Rc8 27. Qxd6 Rxc6 28.
Qxe6+ Rxe6 29. d5 Ra6 30. b5 Ra5 31. a4 Rf6 32. Bc7 Ra8 33. a5 Nc5 34. O-O Nb7
35. a6 Nc5 36. d6 Kd7 37. Rfd1 Ne6 38. b6 Nxc7 39. bxc7 Rxd6 40. Rxd6+ Kxd6 41.
c8=N+ Rxc8 42. c3 Kc5 43. a7 Ra8 44. Ra4 g5 45. Kf1 Kb6 46. Rb4+ Kxa7 47. Ra4+
Kb7 48. Rxa8 Kxa8 49. Ke2 Kb7 50. Ke3 Kc6 51. Kd4 Kd6 52. c4 h5 53. h3 Ke6 54.
c5 g4 55. h4 Kd7 56. Kd5 Kc7 57. c6 f4 58. Kxe4 fxg3 59. fxg3 Kxc6 60. Kf5 Kd5
61. Kg5 Ke4 62. Kxh5 Kf3 63. Kg5 Kxg3 64. h5 Kf3 65. h6 g3 66. h7 g2 67. h8=Q
g1=Q+ 68. Kf5 Qb1+ 69. Kg5 Qc1+ 70. Kf5 Qf4+ 71. Kg6 Qg4+ 72. Kf7 Qf5+ 73. Kg8
Qg6+ 74. Qg7 Qxg7+ 75. Kxg7 Kf4 1/2-1/2

[Event "Challenge"]
[Site "http://www.queenalice.com/game.php?id=1306017"]
[Date "2014.9.4"]
[Round "-"]
[White "betogroo"]
[Black "kisarsk"]
[Result "0-1"]
[WhiteElo "1401"]
[BlackElo "1743"]

1. c4 e5 2. e3 Bc5 3. a3 Nf6 4. b4 Bd6 5. c5 Be7 6. Bb2 d6 7. Qb3 Be6 8. Qd3 g6
9. Qb5+ c6 10. Qxb7 Nbd7 11. Qxc6 dxc5 12. Bxe5 Rc8 13. Qb5 cxb4 14. Bxf6 Bxf6
15. Qxb4 Bxa1 16. Ba6 Rb8 17. Bb5 a6 18. Bxd7+ Bxd7 19. Qe4+ Be6 20. Qc6+ Kf8
21. Qc5+ Kg7 22. Nc3 Rb2 23. d4 Rc2 24. Qe5+ f6 25. Qa5 Bxc3+ 26. Qxc3 Rxc3 27.
Ne2 Rxa3 28. Kd2 Qa5+ 29. Nc3 Qxc3+ 30. Ke2 Bc4+ 31. Kf3 Re8 32. g4 Qd2 33. Kf4
g5+ 34. Kf5 Bd3+ 35. e4 Qf4# 0-1

[Event "Challenge"]
[Site "http://www.queenalice.com/game.php?id=1306018"]
[Date "2014.9.4"]
[Round "-"]
[White "kisarsk"]
[Black "betogroo"]
[Result "1-0"]
[WhiteElo "1745"]
[BlackElo "1399"]

1. d4 c5 2. d5 Nf6 3. c4 d6 4. Qb3 b6 5. Qa4+ Bd7 6. Qa3 g5 7. Bxg5 Ne4 8. Be3
Bf5 9. f3 Nf6 10. Nc3 Na6 11. g4 Bc2 12. Qxa6 Bg7 13. Qb5+ Qd7 14. Rc1 Nxg4 15.
Qxd7+ Kxd7 16. fxg4 Bxc3+ 17. Kf2 Rhg8 18. Rxc2 Bd4 19. Bh3 Bxe3+ 20. Kxe3 Kc7
21. Nf3 f6 22. b3 Kb7 23. Rg1 a6 24. g5 fxg5 25. Rxg5 h6 26. Rxg8 Rxg8 27. Be6
Kc7 28. Bxg8 a5 29. Be6 h5 30. Rc1 h4 31. Nxh4 a4 32. bxa4 Kb7 33. Nf5 Ka6 34.
Nxe7 b5 35. axb5+ Ka5 36. Rc3 Kb4 37. Kd3 Ka5 38. Nc8 Kb4 39. b6 Ka5 40. b7 Ka4
41. b8=Q Ka5 42. Qb5# 1-0

[Event "Challenge"]
[Site "http://www.queenalice.com/game.php?id=1306373"]
[Date "2014.9.6"]
[Round "-"]
[White "betogroo"]
[Black "Camy"]
[Result "0-1"]
[WhiteElo "1397"]
[BlackElo "1684"]

1. d4 d5 2. e3 Bf5 3. Bd3 Bxd3 4. Qxd3 Nc6 5. Bd2 e6 6. Qb5 Rb8 7. a3 Bd6 8. Bb4
a6 9. Qa4 b5 10. Qxa6 Rb6 11. Qxb6 cxb6 12. Bc3 Qg5 13. g3 Qf5 0-1

[Event "OS INCLIVEIS"]
[Site "http://www.queenalice.com/game.php?id=1307877"]
[Date "2014.9.12"]
[Round "-"]
[White "adelio"]
[Black "betogroo"]
[Result "1-0"]
[WhiteElo "1831"]
[BlackElo "1387"]

1. d4 d5 2. e4 e5 3. c4 dxe4 4. Nc3 Nf6 5. Bg5 Qxd4 6. Bxf6 gxf6 7. Nge2 Qxd1+
8. Rxd1 Bb4 9. a3 Bxc3+ 10. Nxc3 Bf5 11. Nd5 Na6 12. Nxf6+ Ke7 13. Nd5+ Ke6 14.
Ne3 Nc5 15. g4 Bg6 16. h4 Nb3 17. h5 Bxh5 18. Rxh5 Nc5 19. Nd5 Rad8 20. Rh6+ Kd7
21. g5 Nd3+ 22. Bxd3 exd3 23. Rxd3 c6 24. Ne3+ Kc8 25. Rb3 Rd4 26. f3 Rf4 27.
Ng4 e4 28. Ne5 Re8 29. Rxh7 exf3 30. Re3 Rxc4 31. Rxf7 a6 32. Rfxf3 Kc7 33. Nxc4
1-0

[Event "Challenge"]
[Site "http://www.queenalice.com/game.php?id=1308029"]
[Date "2014.9.13"]
[Round "-"]
[White "kisarsk"]
[Black "betogroo"]
[Result "1-0"]
[WhiteElo "1726"]
[BlackElo "1392"]

1. d4 d5 2. c3 Bf5 3. Nd2 b5 4. b4 e6 5. f3 h6 6. e3 Qg5 7. Nb3 Nc6 8. e4 Bg6 9.
Bxg5 hxg5 10. Bxb5 Ne7 11. e5 Kd7 12. Nc5+ Kc8 13. Bxc6 Nxc6 14. Qa4 Ne7 15. Qb5
Nf5 16. Qd7+ Kb8 17. Qd8# 1-0